| 000 | 00920nam a22002897a 4500 | ||
|---|---|---|---|
| 001 | 0008138 | ||
| 003 | KOHA_MİRAKIL | ||
| 005 | 20260207001622.0 | ||
| 007 | ta | ||
| 008 | 091008b1991 tu |||gr||||#||||0|tur | | ||
| 040 |
_aTR-BiSEU _btur _cTR-BiSEU _erda |
||
| 041 | 0 | _atur | |
| 044 | _ctu | ||
| 050 |
_aHF5549 _b.S52 1991 |
||
| 100 | 1 | _aSibson, Robert E.. | |
| 245 | 1 |
_aİşletmelerde işgücü verimliliğinin arttırılması/ _cRobert E. Sibson ; E.B. Sibson; çevirenler Sinan Artan, İnci Artan. |
|
| 264 | 1 |
_aEskişehir : _bBilim Teknik Yayınevi _c1991 |
|
| 300 | _a274 sayfa | ||
| 336 |
_ametin _btxt _2rdacontent |
||
| 337 |
_aaracısız _bn _2rdamedia |
||
| 338 |
_acilt _bnc _2rdacarrier |
||
| 490 | 1 |
_aÇağdaş yönetim dizisi ; _v1. |
|
| 650 | 0 |
_aPersonel yönetimi. _91680 |
|
| 650 | 0 |
_aİşgücü verimliliği. _919650 |
|
| 830 | 1 |
_aÇağdaş yönetim dizisi ; _v1. _920210 |
|
| 942 |
_2lcc _cBK |
||
| 999 |
_c8111 _d8111 |
||